Agustín de Hipona (Record no. 8484)

MARC details
000 -LEADER
campo de control de longitud fija 00745nam a2200241 i 4500
001 - NÚMERO DE CONTROL
campo de control 8484
003 - IDENTIFICADOR DE NÚMERO DE CONTROL
campo de control ES-MaACL
005 - FECHA Y HORA DE LA ÚLTIMA TRANSACCIÓN
campo de control 20250815041034.0
007 - CAMPO FIJO DE DESCRIPCIÓN FÍSICA--INFORMACIÓN GENERAL
campo de control de longitud fija t|
008 - DATOS DE LONGITUD FIJA--INFORMACIÓN GENERAL
campo de control de longitud fija 920707s1991 sp ||||1| spa d
020 ## - NÚMERO INTERNACIONAL ESTÁNDAR DEL LIBRO
Número Internacional Estándar del Libro 84-321-2804-X
080 ## - NÚMERO DE LA CLASIFICACIÓN DECIMAL UNIVERSAL
Número de la Clasificación Decimal Universal 92 Agustín, San
080 ## - NÚMERO DE LA CLASIFICACIÓN DECIMAL UNIVERSAL
Número de la Clasificación Decimal Universal 235.3 Agustín, San
100 1# - ENTRADA PRINCIPAL--NOMBRE DE PERSONA
Nombre de persona Cremona, Carlo.
9 (RLIN) 41495
245 10 - MENCIÓN DEL TÍTULO
Título Agustín de Hipona
Resto del título : la razón y la fe /
Mención de responsabilidad, etc. Carlo Cremona.
260 ## - PUBLICACIÓN, DISTRIBUCIÓN, ETC.
Lugar de publicación, distribución, etc. Madrid :
Nombre del editor, distribuidor, etc. Rialp,
Fecha de publicación, distribución, etc. D.L. 1991.
300 ## - DESCRIPCIÓN FÍSICA
Extensión 230 p. ;
Dimensiones 24 cm.
490 1# - MENCIÓN DE SERIE
Mención de serie Forjadores de la historia ;
Designación de volumen o secuencia 19
600 04 - PUNTO DE ACCESO ADICIONAL DE MATERIA--NOMBRE DE PERSONA
Nombre de persona Agustín
Títulos y otros términos asociados al nombre Santo, Obispo de Hipona-
Subdivisión general Biografías.
9 (RLIN) 18920
830 00 - PUNTO DE ACCESO ADICIONAL DE SERIE-TÍTULO UNIFORME
Título uniforme Forjadores de historia
Designación de volumen o secuencia 19
9 (RLIN) 177871
852 ## - LOCALIZACIÓN
Ubicación ES-MaACL
Número de control de estantería L-15915
Sublocalización o colección R.120716
Holdings
Estatus retirado Estado de pérdida Estado de daño No para préstamo Biblioteca de origen Biblioteca actual Ubicación en estantería Fecha de adquisición Fuente de adquisición Total de préstamos Signatura topográfica completa Código de barras Visto por última vez Precio de reemplazo Tipo de ítem Koha
        Biblioteca del Ateneo de Madrid Biblioteca del Ateneo de Madrid Depósito 2 17/01/2008     L-15915 1008665 23/02/2023 23/02/2023 Libro impreso